Partie Polskie w parlamencie - Statystyki

Ogólne statystyki
  • Ten quiz został rozwiązany 214 razy
    39 od ostatniego zresetowania
  • Średni wynik to 10 z 20
Statystyki odpowiedzi
Partia % Poprawnych
Koalicja Obywatelska
100%
Prawo i Sprawiedliwość
100%
Nowa Lewica
94%
Konfederacja Wolność i Niepodległość
92%
Polskie Stronnictwo Ludowe
92%
Partia Razem
86%
Nowa Polska
75%
Konfederacja Korony Polskiej
69%
Nowa Nadzieja
53%
Ruch Narodowy
44%
Polska 2050 Szymona Hołowni
33%
Wolni Republikanie
31%
Zieloni
31%
Polska Partia Socjalistyczna
25%
Kukiz15
22%
Unia Pracy
17%
Centrum dla Polski
11%
Unia Europejskich Demokratów
11%
Partia Konserwatywna
0%
Wolność i Dobrobyt
0%
Nie znaleziono quizów pasujących do podanych kryteriów
Rozkład punktacji
Procent ludzi z każdym wynikiem
Percentyl według liczby udzielonych odpowiedzi
Twoja historia wyników
Nie rozwiązałeś tego quizu od ostatniego zresetowania